Formable nations - EU4 - Statistics

General Stats
  • This quiz has been taken 304 times
  • The average score is 18 of 26
Answer Stats
Answer % Correct
Spain
99%
Ireland
97%
Great Britain
96%
Italy
95%
Netherlands
94%
Germany
92%
Scandinavia
92%
Bavaria
81%
France
79%
Tuscany
79%
Scotland
76%
Andalusia
75%
Sardinia-Piedmont
73%
Two Sicilies
73%
England
71%
HRE
63%
Austria
62%
Westphalia
60%
Roman Empire
59%
Hanover
54%
Swabia
46%
Iceland
44%
Franconia
41%
Switzerland
35%
Pomerania
32%
Lubeck
11%
No matching quizzes found
Score Distribution
Percent of People with Each Score
Percentile by Number Answered
Your Score History
You have not taken this quiz